Check this out : (Record no. 364)
[ view plain ]
| 000 -LEADER | |
|---|---|
| fixed length control field | 01603nam a2200397Ia 4500 |
| 001 - CONTROL NUMBER | |
| control field | ACD-2476 |
| 008 - FIXED-LENGTH DATA ELEMENTS--GENERAL INFORMATION | |
| fixed length control field | 910425s1987 dcua b f00010 eng d |
| 005 - DATE AND TIME OF LATEST TRANSACTION | |
| control field | 20200129130613.0 |
| 010 ## - LIBRARY OF CONGRESS CONTROL NUMBER | |
| -- | 23602389 |
| 037 ## - SOURCE OF ACQUISITION | |
| Stock number | ED 288529 |
| Source of stock number/acquisition | ERIC |
| 043 ## - GEOGRAPHIC AREA CODE | |
| Geographic area code | n-us--- |
| 074 ## - GPO ITEM NUMBER | |
| GPO item number | 0466-A-03 (MF) |
| 086 0# - GOVERNMENT DOCUMENT CLASSIFICATION NUMBER | |
| Classification number | ED 1.310/2:288529 |
| 088 ## - REPORT NUMBER | |
| Report number | LP 87-403 c |
| 049 ## - LOCAL HOLDINGS (OCLC) | |
| Holding library | DRUG |
| 100 10 - MAIN ENTRY--PERSONAL NAME | |
| Personal name | Seager, Andrew J. |
| 245 10 - TITLE STATEMENT | |
| Title | Check this out : |
| Remainder of title | library program models / |
| Statement of responsibility, etc. | prepared by Andrew J. Seager, Sarah J. Roberts, Carol Z. Lincoln ; prepared for National Diffusion Network under contract to RMC Corporation, contract 300-84-0251 with the United States Department of Education. |
| 260 0# - PUBLICATION, DISTRIBUTION, ETC. | |
| Place of publication, distribution, etc. | Washington, D.C. : |
| Name of publisher, distributor, etc. | Office of Educational Research and Improvement, U.S. Dept. of Education, |
| Date of publication, distribution, etc. | [1987] |
| 300 ## - PHYSICAL DESCRIPTION | |
| Extent | ix, 319 p. : |
| Other physical details | ill. ; |
| Dimensions | 28 cm. |
| 500 ## - GENERAL NOTE | |
| General note | Distributed to depository libraries in microfiche. |
| 500 ## - GENERAL NOTE | |
| General note | "July 1987." |
| 504 ## - BIBLIOGRAPHY, ETC. NOTE | |
| Bibliography, etc. note | Includes bibliographical references. |
| 500 ## - GENERAL NOTE | |
| General note | "LP 87-403c." |
| 650 #0 - SUBJECT ADDED ENTRY--TOPICAL TERM | |
| Topical term or geographic name entry element | Libraries and community |
| Geographic subdivision | United States. |
| 650 #0 - SUBJECT ADDED ENTRY--TOPICAL TERM | |
| Topical term or geographic name entry element | Libraries and education |
| Geographic subdivision | United States. |
| 650 #0 - SUBJECT ADDED ENTRY--TOPICAL TERM | |
| Topical term or geographic name entry element | School libraries |
| Geographic subdivision | United States. |
| 650 #0 - SUBJECT ADDED ENTRY--TOPICAL TERM | |
| Topical term or geographic name entry element | Instructional materials centers |
| Geographic subdivision | United States. |
| 650 #0 - SUBJECT ADDED ENTRY--TOPICAL TERM | |
| Topical term or geographic name entry element | Public libraries |
| Geographic subdivision | United States. |
| 700 10 - ADDED ENTRY--PERSONAL NAME | |
| Personal name | Roberts, Sarah J. |
| Fuller form of name | (Sarah Jane), |
| Dates associated with a name | 1946- |
| 700 10 - ADDED ENTRY--PERSONAL NAME | |
| Personal name | Lincoln, Carol Zall. |
| 710 10 - ADDED ENTRY--CORPORATE NAME | |
| Corporate name or jurisdiction name as entry element | United States. |
| Subordinate unit | National Diffusion Network. |
| 710 20 - ADDED ENTRY--CORPORATE NAME | |
| Corporate name or jurisdiction name as entry element | RMC Research Corporation. |
| 710 10 - ADDED ENTRY--CORPORATE NAME | |
| Corporate name or jurisdiction name as entry element | United States. |
| Subordinate unit | Office of Educational Research and Improvement. |
| 740 01 - ADDED ENTRY--UNCONTROLLED RELATED/ANALYTICAL TITLE | |
| Uncontrolled related/analytical title | Library program models. |
| 942 ## - ADDED ENTRY ELEMENTS (KOHA) | |
| Koha item type | Mixed Materials |
| Withdrawn status | Lost status | Damaged status | Not for loan | Collection | Home library | Current library | Shelving location | Date acquired | Barcode | Date last seen | Price effective from | Koha item type |
|---|---|---|---|---|---|---|---|---|---|---|---|---|
| Reference | Fairview | Fairview | General stacks | 09/04/2014 | 39999000015874 | 09/04/2014 | 09/04/2014 | Books | ||||
| Reference | Fairview | Fairview | General stacks | 09/04/2014 | 39999000015898 | 09/04/2014 | 09/04/2014 | Books | ||||
| Reference | Fairview | Fairview | General stacks | 09/04/2014 | 39999000015911 | 09/04/2014 | 09/04/2014 | Books | ||||
| Reference | Midway | Midway | General stacks | 09/04/2014 | 39999000015935 | 09/04/2014 | 09/04/2014 | Books |